Chillán: Las artes y los días. Siglos XIX y XX
I tiakina i:
| Kaituhi matua: | |
|---|---|
| Ētahi atu kaituhi: | , , , , , |
| Hōputu: | Pukapuka |
| Reo: | Pāniora |
| I whakaputaina: |
Concepción, Chile:
Ediciones del Archivo Histórico de Concepción,
2015.
|
| Putanga: | Primera edición |
| Ngā marau: | |
| Ngā Tūtohu: |
Tāpirihia he Tūtohu
Kāore He Tūtohu, Me noho koe te mea tuatahi ki te tūtohu i tēnei pūkete!
|
MARC
| LEADER | 00000cam a2200000 a 4500 | ||
|---|---|---|---|
| 001 | UCD0147 | ||
| 003 | CL-VaPUC | ||
| 005 | 20241018121424.0 | ||
| 008 | 151120t20150000cl |||||||||||||||||spa|d | ||
| 999 | |c 361768 |d 361766 | ||
| 020 | |a 9789567080014 | ||
| 040 | |c Pontificia Universidad Católica de Valparaíso | ||
| 082 | 0 | 4 | |a 983.38 ARR 2015 |2 21 |
| 100 | |a Arriagada Cortés, Fernando |e autor |9 583164 | ||
| 245 | 1 | 0 | |a Chillán: |b Las artes y los días. Siglos XIX y XX |
| 250 | |a Primera edición | ||
| 260 | |a Concepción, Chile: |b Ediciones del Archivo Histórico de Concepción, |c 2015. | ||
| 300 | |a 203 páginas. | ||
| 500 | |a c. Fondo Budge. Donación profesor Sr. Eduardo Cavieres. 05-08-2019 Con gran afecto a mi gran amigo Eduardo Cavieres. Chillan- Abril-2015 | ||
| 583 | |a last modification |c 20151120 13:39:00 |k Rodrigo Vera | ||
| 650 | 0 | |a Historia de Chillán |2 CL-VaPUC |9 533395 |y Siglos 19-20 |z Chile | |
| 650 | 0 | |a Historia de ciudades |9 445863 | |
| 651 | 0 | |a Chillán |2 CL-VaPUC |9 344249 | |
| 700 | 0 | |a Basterrica Sandoval, Juan Ignacio |e autor |9 583165 | |
| 700 | 0 | |a Cartes Montory, Armando |e autor |9 583166 | |
| 700 | 0 | |a Leal Pino, Cristián |e autor |9 583167 | |
| 700 | |a Márquez Ochoa, Boris Daniel |e autor |9 601470 | ||
| 700 | 0 | |a Pedrero Leal, Marcial |e autor |9 583169 | |
| 700 | 0 | |a Reyes, Marco Aurelio |e autor |9 583170 | |
| 942 | |c BK |2 ddc | ||
| 945 | |d 20151120 13:39:00 |a dcastane | ||
| 952 | |0 0 |1 0 |3 erb |4 0 |6 983_380000000000000_ARR_2015 |7 0 |8 A |9 472418 |a BIBHIS |b BIBHIS |i 5250374 |o 983.38 ARR 2015 |p 5250374 |r 2025-01-20 |w 2019-11-24 |y BK |z Catalogado en:20151120 |k HIS | ||
| 952 | |0 0 |1 0 |3 erb |4 0 |6 983_380000000000000_ARR_2015 |7 0 |8 X |9 472419 |a FDOBUD |b FDOBUD |i 5594723 |o 983.38 ARR 2015 |p 5594723 |r 2019-11-24 |w 2019-11-24 |y BK_X |z Catalogado en:20190809 |k BUD | ||